Williams and others v Glyn Owen and Co (Record no. 74111)

MARC details
000 -LEADER
fixed length control field 01446cab a2200241 4500
001 - CONTROL NUMBER
control field ABS67448
008 - FIXED-LENGTH DATA ELEMENTS--GENERAL INFORMATION
fixed length control field 040204n2003 000 0 eng u
035 ## - SYSTEM CONTROL NUMBER
System control number (Sirsi) u125026
245 ## - TITLE STATEMENT
Title Williams and others v Glyn Owen and Co
260 ## - PUBLICATION, DISTRIBUTION, ETC.
-- 2003
490 ## - SERIES STATEMENT
Series statement Estates Gazette
Volume/sequential designation (0404) 24 January 2004, 110-117(18)
520 ## - SUMMARY, ETC.
Summary, etc. [2003] EWCA Civ 750, 11 June 2003. Appellant (W) and three other partners in a farming partnership appealed against the amount of damages awarded against firm of solicitors (G) in a negligence action on the grounds of delayed completion. The judge awarded £591.75 damages to W representing interest from the contractual completion date until actual completion on the basis that W should have mitigated his losses by taking proceedings against vendor. CA in recognising that W would have had the chance of making a profit if completion notice had been served awarded damages of £4 238 for loss of profit. W's duty to mitigate did not require him to take proceedings for damages against vendor. View at www.bailii.org.
590 ## - LOCAL NOTE (RLIN)
Local note ABS
650 ## - SUBJECT ADDED ENTRY--TOPICAL TERM
Topical term or geographic name entry element WILLIAMS AND OTHERS V GLYN OWEN AND CO
650 ## - SUBJECT ADDED ENTRY--TOPICAL TERM
Topical term or geographic name entry element NEGLIGENCE
650 ## - SUBJECT ADDED ENTRY--TOPICAL TERM
Topical term or geographic name entry element LATE COMPLETION
650 ## - SUBJECT ADDED ENTRY--TOPICAL TERM
Topical term or geographic name entry element DAMAGES
650 ## - SUBJECT ADDED ENTRY--TOPICAL TERM
Topical term or geographic name entry element LOSS OF PROFITS
650 ## - SUBJECT ADDED ENTRY--TOPICAL TERM
Topical term or geographic name entry element SOLICITORS
690 ## - LOCAL SUBJECT ADDED ENTRY--TOPICAL TERM (OCLC, RLIN)
Topical term or geographic name as entry element MANAGEMENT-BUSINESS MANAGEMENT-PROFESSIONAL PRACTICE
856 ## - ELECTRONIC LOCATION AND ACCESS
Uniform Resource Identifier <a href="https://www.bailii.org/ew/cases/EWCA/Civ/2003/750.html">https://www.bailii.org/ew/cases/EWCA/Civ/2003/750.html</a>
Public note View on the BAILII website.
942 ## - ADDED ENTRY ELEMENTS (KOHA)
Suppress in OPAC 0
Holdings
Withdrawn status Lost status Source of classification or shelving scheme Damaged status Not for loan Home library Current library Shelving location Date acquired Total Checkouts Full call number Barcode Date last seen Copy number Price effective from Koha item type
    Dewey Decimal Classification     London London Journal article 04/02/2004   ABS67448 125026-1001 06/08/2019 1 06/08/2019 Law report